书目信息 |
| 题名: |
人工智能机器人学导论
|
|
| 作者: | 墨菲, 著 ;杜军平 , 吴立成 , 胡金春 译 | |
| 分册: | ||
| 出版信息: | 北京 电子工业出版社 2004.10 |
|
| 页数: | 10, 289页 | |
| 开本: | 26cm | |
| 丛书名: | 国外计算机科学教材系列 | |
| 单 册: | ||
| 中图分类: | TP242.6 | |
| 科图分类: | ||
| 主题词: | 智能机器人--高等学校--教材 | |
| 电子资源: | ||
| ISBN: | 7-5053-9952-7 | |
| 000 | 01343nam 2200325 450 | |
| 001 | 0167389905 | |
| 005 | 20051115094034.46 | |
| 010 | @a7-5053-9952-7@dCNY29.00 | |
| 100 | @a20050314d2004 km y0chiy0120 ea | |
| 101 | 1 | @achi@ceng |
| 102 | @aCN@b110000 | |
| 105 | @aa a 000yy | |
| 200 | 1 | @a人工智能机器人学导论@Aren gong zhi neng ji qi ren xue dao lun@d= Introduction to AI robotics@f(美) Robin R. Murphy著@F(mei)Robin R.Murphy zhu@g杜军平, 吴立成, 胡金春等译@Gdu jun ping,wu li cheng,hu jin chun deng yi@zeng |
| 210 | @a北京@c电子工业出版社@d2004.10 | |
| 215 | @a10, 289页@c图@d26cm | |
| 225 | 2 | @a国外计算机科学教材系列 |
| 306 | @a本书中文简体字专有出版权由MIT Press授予电子工业出版社。 | |
| 314 | @a责任者规范汉译姓: 墨菲 | |
| 320 | @a有书目 (第281-289页)。 | |
| 330 | @a本书所包含的内容对于理解机器人中的人工智能方法是必不可少的,同时它也包含了人工智能机器人在感知、导航、路径规则、不确定导航等方面所必须的内容。 | |
| 410 | 0 | @12001 @a国外计算机科学教材系列 |
| 510 | 1 | @aIntroduction to AI robotics@zeng |
| 606 | 0 | @a智能机器人@x高等学校@x教材 |
| 690 | @aTP242.6@v4 | |
| 701 | 1 | @a墨菲,@Amo fei,@bR.@g(Murphy, Robin ),@f1957-@4著 |
| 702 | 0 | @a杜军平@Adu jun ping@4译 |
| 702 | 0 | @a吴立成@Awu li cheng@4译 |
| 702 | 0 | @a胡金春@Ahu jin chun@4译 |
| 801 | 0 | @aCN@bQSSK@c20051115 |
| 905 | @a10447@dTP242.6@eM901 | |
| 人工智能机器人学导论= Introduction to AI robotics/(美) Robin R. Murphy著/杜军平, 吴立成, 胡金春等译.-北京:电子工业出版社,2004.10 |
| 10, 289页:图;26cm.-(国外计算机科学教材系列) |
| ISBN 7-5053-9952-7:CNY29.00 |
| 本书所包含的内容对于理解机器人中的人工智能方法是必不可少的,同时它也包含了人工智能机器人在感知、导航、路径规则、不确定导航等方面所必须的内容。 |
| ● |
| 相关链接 |
|
|
|
正题名:人工智能机器人学导论
索取号:TP242.6/M901
 
预约/预借
| 序号 | 登录号 | 条形码 | 馆藏地/架位号 | 状态 | 备注 |
| 1 | 546219 | 205462195 | 自科二线504/504自科库 7排4列3层/ [索取号:TP242.6/M901] | 在馆 | |
| 2 | 546220 | 205462202 | 自科二线504/504自科库 7排4列3层/ [索取号:TP242.6/M901] | 在馆 | |
| 3 | 546221 | 205462211 | 自科二线504/504自科库 7排4列3层/ [索取号:TP242.6/M901] | 在馆 | |
| 4 | 576074 | 205760746 | 自科库301/301自科库 41排3列1层/ [索取号:TP242.6/M901] | 在馆 | |
| 5 | 576075 | 205760755 | 自科库301/301自科库 41排3列1层/ [索取号:TP242.6/M901] | 在馆 | |
| 6 | 576076 | 205760764 | 自科二线400A/400A自科库 5排3列5层/ [索取号:TP242.6/M901] | 在馆 |